| 000 | 02229nam a2200289 a 4500 | ||
|---|---|---|---|
| 001 | BRCA_8770 | ||
| 005 | 20190320210413.0 | ||
| 008 | 310317s1723----sp-#######---#000-0#spa-# | ||
| 041 | _aspa | ||
| 044 | _asp | ||
| 084 |
_aBE133 _b.S46 1723 |
||
| 100 | 1 |
_aSeñeri, Pablo _d1624 - 1694 _921265 |
|
| 245 | 1 | 0 |
_aEl incredvlo sin excusa _cobra de Rmo. Padre Pablo Señeri, de la compañía de Jesvs; predicador de N. SS. P. Inocenciao XII. En que se demuestra, que no puede dexar de conocer, qual es la verdadera Religio, quien quiere conocerla; tradvcida de la lengua toscana à la castellana por Don Juan de Espinola, Baeza, Echaburu. |
| 260 |
_aBarcelona _bEn la Imprenta de María Marti Viuda. A sus costas, y de Iuan Piferrer _c1723 |
||
| 300 |
_a[12], [30], 342 p. (t.2) _c21 x 16 cm. |
||
| 500 | _aCon licencia | ||
| 500 | _aEstado físico: presenta encuadernación en pergamino, con cintas rotas y lomo semi desprendido | ||
| 500 | _aCon marca de fuego: “Procedencia de la marca: Convento de San Francisco Santa María del Pueblito de Querétaro(1). Institución: Orden de Frailes Menores. Provincia de San Pedro y San Pablo de Michoacán. Descripción: Monograma conformado por las iniciales “P”, “u”, “E” seguidas de “b”, “I”, “T” y “o” que se desata como Pueblito(2) dentro de un filete en forma de rombo. Observaciones: Krausse la incluye entre las marcas no identificadas. David Saavedra la identifica como del Convento Franciscano de Santa María del Pueblito, Villa Corregidora de Querétaro. Con el testimonio de pertenencia ubicado en este ejemplar se corrobora la atribución realizada por David Saavedra. Ubicación de la marca en el libro: Canto superior, inferior y lateral” | ||
| 650 | 1 | 4 |
_aTeología pastoral _yS. XVII _921842 |
| 650 | 1 | 4 |
_aFe _yObras anteriores a 1800 _921843 |
| 650 | 1 | 4 |
_aIglesia católica _xdoctrinas _yObras anteriores a 1800 _921844 |
| 700 | 1 |
_aMarti, María _cViuda _eImpresor _921845 |
|
| 700 | 1 |
_aEspinola, Juan de _etr. _921846 |
|
| 856 | _ahttp://www.marcasdefuego.buap.mx:8180/xmLibris/projects/firebrand/item.jsp?repository=marcas_de_fuego&key=marcas_de_fuego_franciscanas_20150618135223_2ccc.xml&num=124 | ||
| 902 | _aCFM | ||
| 942 |
_2lcc _cB |
||
| 999 |
_c8421 _d8421 |
||